Υπερβατικές συναρτήσεις μια αυστηρή θεμελίωση : πτυχιακή εργασία

Η πτυχιακή αυτή εκπονήθηκε στα πλαίσια του προπτυχιακού προγράμματος σπουδών του τμήματος Μαθηματικών με κατεύθυνση στα Μαθηματικά του Πανεπιστημίου Αιγαίου. Ο στόχος της είναι η αυστηρή θεμελίωση των υπερβατικών συναρτήσεων με χρήση Απειροστικού Λογισμού. Στο πρώτο κεφάλαιοτης πτυχιακής αυτής, ορίζ...

Full description

Saved in:
Bibliographic Details
Main Author: Χατζηγεωργίου, Ηλίας
Corporate Author: Πανεπιστήμιο Αιγαίου. Σχολή Θετικών Επιστημών. Τμήμα Μαθηματικών
Format: Thesis Book
Language:Greek
Published: 2016.
Subjects:
Online Access:http://hdl.handle.net/11610/19640
Tags: Add Tag
No Tags, Be the first to tag this record!

MARC

LEADER 00000cam a2200000 a 4500
001 1/112720
008 170119s2016####gr | ||| |||| ||gre||
040 |a GR-MyUa  |b gre  |c GR-MyUa  |e AACR2 
041 0 |a gre 
082 7 |a 512.22   |2 (23)  
100 1 |a Χατζηγεωργίου, Ηλίας. 
245 1 0 |a Υπερβατικές συναρτήσεις μια αυστηρή θεμελίωση :   |b πτυχιακή εργασία /   |c Ηλίας Χατζηγεωργίου ; επιβλέπων καθηγητής Ευάγγελος Στεφανόπουλος.  
260 |c 2016.  
300 |a 28 σ. :   |b σχέδια ;   |c 30 εκ.  
500 |a Μέλη της εξεταστικής επιτροπής: Καραχάλιος Νικόλαος, Κορνάρος Χαράλαμπος, Στεφανόπουλος Ευάγγελος.  
502 |a Πτυχιακή εργασία - Πανεπιστήμιο Αιγαίου, Σάμος, 2016.  
504 |a Περιέχει βιβλιογραφικές αναφορές.  
506 0 |b Διάθεση πλήρους κειμένου - Ελεύθερη πρόσβαση.  
520 8 |a Η πτυχιακή αυτή εκπονήθηκε στα πλαίσια του προπτυχιακού προγράμματος σπουδών του τμήματος Μαθηματικών με κατεύθυνση στα Μαθηματικά του Πανεπιστημίου Αιγαίου. Ο στόχος της είναι η αυστηρή θεμελίωση των υπερβατικών συναρτήσεων με χρήση Απειροστικού Λογισμού. Στο πρώτο κεφάλαιοτης πτυχιακής αυτής, ορίζονται οι δυναμοσειρές και αναφέρονται κάποιες βασικές ιδιότητες τους, που θεωρούνται απαραίτητα για τον ορισμό των τριγωνομετρικών, λογαριθμηκών και εκθετικών συναρτήσεων. Στο δεύτερο κεφάλαιο ορίζεται η λογαριθμική συνάρτηση, αποδεικνύονται οι ιδιότητές της και παρατηρείται η σχέση της με την εκθετική συνάρτηση. Επίσης αναφέρονται και οι ιδιότητες της εκθετικής συνάρτησης στο κεφάλαιο αυτό. Στο τρίτο και τελευταίο κεφάλαιο, με χρήση των δυναμοσειρών, ορίζονται η συνάρτηση του ημιτόνου και η συνάρτηση του συνιμητόνου. Επίσης αποδεικνύεται η περιοδικότητά τους καθώς και όλες οι ιδιότητες τους και οι σχέσεις που συνδέουν αυτές τις δύο συναρτήσεις.  
650 0 |a Transcendental functions. 
650 0 |a Dissertations, Academic  |z Greece. 
700 1 |a Στεφανόπουλος, Ευάγγελος,  |e dgs 
710 2 |a Πανεπιστήμιο Αιγαίου.   |b Σχολή Θετικών Επιστημών.   |b Τμήμα Μαθηματικών. 
852 |a INST  |b SAMOS  |c DIATR  |e 20170119  |h 512.22 ΧΑΤ  |p 005300044184  |q 005300044184  |t DIE  |y 23 
856 |u http://hdl.handle.net/11610/19640 
924 |a Χατζηγεωργίου   |b Ηλίας  |y Σάμος  |z 2016-10 
970 |a Κοσιέρης  |b Χρήστος  |z 19-01-2-17